Phương pháp giải bài toán hóa học hữu cơ

Uloženo v:
Podrobná bibliografie
Hlavní autor: Trần, Thạch Văn
Médium: Kniha
Jazyk:Undetermined
Vydáno: Hà Nội Đại học quốc gia Hà Nội 2004
Témata:
Tagy: Přidat tag
Žádné tagy, Buďte první, kdo otaguje tento záznam!
Thư viện lưu trữ: Trung tâm Học liệu Trường Đại học Cần Thơ
LEADER 00592nam a2200193Ia 4500
001 CTU_74668
008 210402s9999 xx 000 0 und d
020 |b 14500 
082 |a 547.0076 
082 |b V105 
100 |a Trần, Thạch Văn 
245 0 |a Phương pháp giải bài toán hóa học hữu cơ 
245 0 |c Trần Thạch Văn 
260 |a Hà Nội 
260 |b Đại học quốc gia Hà Nội 
260 |c 2004 
650 |a Chemistry, analytic,Chemistry, organic 
904 |a Năm 
980 |a Trung tâm Học liệu Trường Đại học Cần Thơ